000 00426cam a2200121 4500500
005 20250921012009.0
041 _afre
042 _adc
100 1 0 _aSouissi, Mohamed
_eauthor
245 0 0 _aمن أعمال محمّد سويسي
260 _bL'Académie tunisienne (Beït al-Hikma),
_c2005.
856 4 1 _uhttps://shs.cairn.info/من-أعمال-محمد-سويسي--9789973490207?lang=fr&redirect-ssocas=7080
999 _c1509791
_d1509791